Encuesta nacional de salud reproductiva de adultos jóvenes: avance de resultados /

Sin resumen

Gorde:
Xehetasun bibliografikoak
Egile nagusia: Gómez Alvarez, Víctor Ml
Beste egile batzuk: Grunberg, Marcelo, Morris, Leo, Whittle, Lisa, Hernández, Daniel
Formatua: Texto
Hizkuntza:Spanish
Argitaratua: San José: CCSS. Departamento de Medicina Preventiva, 1991
Gaiak:
Etiketak: Etiketa erantsi
Etiketarik gabe, Izan zaitez lehena erregistro honi etiketa jartzen!

MARC

LEADER 00000 a a2200000 04500
001 2151
003 cru CIDCACS/IIS
005 20230320110937.0
008 230320b |||||||| |||| 00| 0 spa d
020 |a [sin ISBN]  
040 |c cru CIDCACS/IIS 
090 |a 10767.00 
100 1 |a Gómez Alvarez, Víctor Ml  
245 1 |a Encuesta nacional de salud reproductiva de adultos jóvenes:   |b avance de resultados /   |c Víctor Ml Gómez Alvarez 
260 |a San José:   |b CCSS. Departamento de Medicina Preventiva,  |c 1991 
300 |a 59 páginas :  |b tablas 
500 |a Colección Centroamérica 
520 |a Sin resumen  
650 |a SALUD  
650 |a SEXUALIDAD  
650 |a ADULTOS  
651 0 |9 32  |a COSTA RICA 
700 |a Grunberg, Marcelo  
700 |a Morris, Leo  
700 |a Whittle, Lisa  
700 |a Hernández, Daniel  
942 |2 ddc  |c LI 
999 |c 16460  |d 16460